00555nam a2200169 a 450000500170000000800410001702000180005805000260007610000180010224500540012026000450017430000070021944000230022652000710024965000330032065000320035320140412111410.0070214s19uu xx 00 eng d a983-187-217-7 aTR(GS 428.4bM11 2004 aMah, May S.M. aPop and his dog & Fox in the box /cMay S.M. Mah. aMalaysia :bRhythm publishing co,c2004. a24 aPhonics in reading aThe pre - reading practice introduces new words before the stories aPhonetics-- English language aReading -- English language